THEMES in education Θέματα στην Εκπαίδευση

Αποθηκεύτηκε σε:
Λεπτομέρειες βιβλιογραφικής εγγραφής
Μορφή: Περιοδική έκδοση
Γλώσσα:English
Greek
Δημοσίευση: Αθήνα : Leader Books, 2000-
Θέματα:
Ετικέτες: Προσθήκη ετικέτας
Δεν υπάρχουν, Καταχωρήστε ετικέτα πρώτοι!

MARC

LEADER 00000nas a2200000 i 4500
001 1/25636
008 020705c20009999 eng d
022 |a 11085908 
035 |l 10068101 
040 |a GR-MY-UA  |b gre  |e aacr 
041 0 |a eng  |h gre 
082 0 |a 370.5 
245 1 0 |a THEMES in education  |h [περιοδικό] =  |b Θέματα στην Εκπαίδευση 
246 3 3 |a Technology History of science Epistemology Mathematics Environment Science 
260 |a Αθήνα :   |b Leader Books,   |c 2000- 
300 |a v.  |b 24 cm. 
310 |a Quarterly 
650 0 0 |a Education  |x Periodicals. 
853 |a INST  |b SAMOS  |c SER 
922 |a 3ΕΛΗ  |b 200207  |c ΚΕΝΤΡΙΚΗ ΒΙΒΛΙΟΘΗΚΗ  |d ΒΛΑΧΑΚΟΣ